Deutsche Musiker nach Buchstabe - Spezial - Zahlen - Statistiken

Allgemein
  • Dieses Quiz wurde 110 mal gespielt
  • Das Durchschnittsergebnis liegt bei 3 aus 20
Antwortstatistiken
Aktive Jahre Songs Antwort % Korrekt
2006- Holz | Holland 257ers
61%
2018- Durstlöscher | Frisch 01099
58%
2006- Mit den Jungz | Millionär 187 Strassenbande
45%
2000- 36 Grad | Besser geht’s nicht 2raumwohnung
36%
2012- Bier | Missed Calls 102 Boyz
27%
2021- Kopf aus | Sunshine 1986zig
13%
2015- Verliebt in einen Gangster 2 | Gangsta Gangsta 18 Karat
7%
1997-2005 Supa-Dupa-Fly | Alarma! 666
5%
2019- 4 Schritte | Kush 65Goonz
4%
2019- Superman | Follow Me 2lade
3%
1995-2007, 2011- Ich werd' mich ändern | Im nächsten Leben 4 Promille
3%
2015- Drei Jahre ausgebrannt | Laternensong 100 Kilo Herz
2%
2002- No Go Go Go | Party PPL 89ers
2%
2003- Writing On The Wall (St. Elmo's Fire) | Make Noize 2-4 Grooves
1%
2010-2017 Sind wir Freunde? | Parallel 3A
1%
2011- Gespenster | Hey, Pinguin 3Plusss
1%
2001-2012 All We've Ever Had | Just Another Tragic Story 5BUGS
1%
2013- Kann mich jemand hören | Zeit 8kids
1%
1986-1989 Where Are You? | Changing Minds 16 BIT
0%
1995-2013 Nostalgia | Pearls & Beauty 4Lyn
0%
Keine übereinstimmenden Quizze gefunden
Verteilung der Resultate
Anzahl Personen mit jedem Resultat
Perzentil nach korrekt beantworteten Fragen
Ihre Resultats-Entwicklung
Sie haben dieses Quiz noch nicht gespielt